Keď Slovensko dostalo dopravnú chrbticu ..

Bibliographic Details
Main Author: (jj) (Author)
Format: Article
Language:Slovak
PhysicalDescription:Obr. 2.
Subjects:

MARC

LEADER 00000nab a2200000 a 4500
001 vtls000276163
003 SK-MaSNL
005 20260302214137.0
008 111130c1987 xo 0 slo
015 |a SNBRB19rr/mm-uuuuu 
035 |a CL0286277 
040 |a SNKBUCL  |b slo  |c SNKBUCL  |e AACR2 
041 0 |a slo 
044 |a xo  |c SK 
080 |a 656.21(437.6)(091)  |2 1981 
100 1 |a (jj)  |4 aut  |9 846724 
245 1 0 |a Keď Slovensko dostalo dopravnú chrbticu ..  |c (jj) 
300 |b Obr. 2. 
650 0 7 |a Košicko-bohumínska železnica  |2 snkbucl  |9 941073 
655 7 |a články z novín a časopisov  |2 snkbucl  |9 267496 
773 0 |t Technické noviny  |g Roč. 35, č. 11 (1987), s. 11 
850 |a Slovenská národná knižnica v Martine  |a MTA001 
852 |a SNK  |b KIS3GCP 
958 |a RK 
992 |a RBX 
999 |c 1496513  |d 1498443